Los mexicanos de aquí y de allá ¿problemas comunes? : (Record no. 109264)
[ view plain ]
| 000 -LEADER | |
|---|---|
| fixed length control field | 00798cam a2200193 4500 |
| 005 - DATE AND TIME OF LATEST TRANSACTION | |
| control field | 20180504092742.0 |
| 008 - FIXED-LENGTH DATA ELEMENTS--GENERAL INFORMATION | |
| fixed length control field | 160519b mx ||||| |||| 00| 0 spa d |
| 020 ## - INTERNATIONAL STANDARD BOOK NUMBER | |
| International Standard Book Number | 9707270705 |
| 050 04 - LIBRARY OF CONGRESS CALL NUMBER | |
| Classification number | JV7400 |
| Item number | F66 2006 |
| 111 1# - MAIN ENTRY--MEETING NAME | |
| Meeting name or jurisdiction name as entry element | Foro de Reflexión Binacional |
| Number of part/section/meeting | (2o : |
| Date of meeting | 2006 : |
| Location of meeting | México, D. F.) |
| 245 14 - TITLE STATEMENT | |
| Title | Los mexicanos de aquí y de allá ¿problemas comunes? : |
| Remainder of title | memoria del segundo Foro de Reflexión Binacional |
| 250 ## - EDITION STATEMENT | |
| Edition statement | 1a ed. |
| 260 ## - PUBLICATION, DISTRIBUTION, ETC. (IMPRINT) | |
| Place of publication, distribution, etc | México : |
| Name of publisher, distributor, etc | Senado de la República, LIX Legislatura : Fundación Solidaridad Mexicano Americana, |
| Date of publication, distribution, etc | 2006 |
| 300 ## - PHYSICAL DESCRIPTION | |
| Extent | 243 p.; |
| Dimensions | 23 cm. |
| 651 17 - SUBJECT ADDED ENTRY--GEOGRAPHIC NAME | |
| Geographic name | México |
| General subdivision | Emigración e inmigración |
| Form subdivision | Congresos |
| Source of heading or term | LIBRUNAM |
| 651 17 - SUBJECT ADDED ENTRY--GEOGRAPHIC NAME | |
| Geographic name | Estados Unidos |
| General subdivision | Emigración e inmigración |
| Form subdivision | Congresos |
| Source of heading or term | LIBRUNAM |
| 942 ## - ADDED ENTRY ELEMENTS (KOHA) | |
| Source of classification or shelving scheme | Biblioteca del Cogreso de los Estados Unidos |
| Koha item type | Libro |
| Estado de pérdida | Fuente de clasificación | Estado del daño | No para préstamo | Ubicación permanente | Ubicación actual | Apartado o colección | Fecha de adquisición | Edición | Dependencia de educación superior (DES) | Área del conocimiento | Clasificación | Código de Barras | Date last seen | Número de copia | Tipo de recurso | Fuente de adquisición |
|---|---|---|---|---|---|---|---|---|---|---|---|---|---|---|---|---|
| Biblioteca del Cogreso de los Estados Unidos | Biblioteca de la Unidad Profesional del Balsas | Biblioteca de la Unidad Profesional del Balsas | General | 01/07/2016 | 1a. ed. | Ciencias Sociales y Administrativas | JV7400 F66 2004 | BUPB000000017 | 01/07/2016 | C:1 | Libro | Donación | ||||
| Biblioteca del Cogreso de los Estados Unidos | Biblioteca de la Unidad Profesional del Balsas | Biblioteca de la Unidad Profesional del Balsas | General | 01/07/2016 | 1a. ed. | Ciencias Sociales y Administrativas | JV7400 F66 2004 | BUPB000000021 | 01/07/2016 | C:2 | Libro | Donación | ||||
| Biblioteca del Cogreso de los Estados Unidos | Biblioteca del Instituto de Investigaciones Económicas y Empresariales | Biblioteca del Instituto de Investigaciones Económicas y Empresariales | General | 23/11/2015 | 1a ed. | Ciencias Económico Administrativas | Ciencias Sociales y Administrativas | JV 7400 F66 2006 | IIE000004018 | 23/11/2015 | C:1 | Libro | ||||
| Biblioteca del Cogreso de los Estados Unidos | Biblioteca del Posgrado en Derecho | Biblioteca del Posgrado en Derecho | General | 19/05/2016 | 1a. ed. | Ciencias Sociales y Administrativas | JV7400 F66 2006 | BPD000002972 | 19/05/2016 | C:1 | Libro | Donación | ||||
| Biblioteca del Cogreso de los Estados Unidos | Biblioteca del Posgrado en Derecho | Biblioteca del Posgrado en Derecho | General | 19/05/2016 | 1a. ed. | Ciencias Sociales y Administrativas | JV7400 F66 2006 | BPD000002973 | 19/05/2016 | C:2 | Libro | Donación |